| 000 | 01291cam a2200325 a 4500 | ||
|---|---|---|---|
| 999 |
_c9992 _d9992 |
||
| 001 | 2050603 | ||
| 003 | GBCCL | ||
| 005 | 20241126110723.0 | ||
| 008 | 930111s1993 miu b 001 0 eng | ||
| 010 | _a 93018019 | ||
| 020 | _a080282420X (cloth) | ||
| 020 | _a0853645345 (Paternoster) | ||
| 020 | _a9780802824202 | ||
| 040 |
_aDLC _cDLC _dDLC |
||
| 050 | 0 | 0 |
_aBS2775.3 _b.E455 1993 |
| 082 | 0 | 0 |
_a225.48077 _a227.87077 _220 _bNEW |
| 100 | 1 |
_aEllingworth, Paul. _917384 |
|
| 245 | 1 | 4 |
_aThe Epistle to the Hebrews : _ba commentary on the Greek text / _cby Paul Ellingworth. |
| 260 |
_aGrand Rapids, Mich. : _bW.B. Eerdmans ; _aCarlisle [England] : _bPaternoster Press, _c1993. |
||
| 300 |
_axcviii, 764 p. ; _c25 cm. |
||
| 490 | 1 | _aThe New international Greek Testament commentary | |
| 500 | _aSpine title: Commentary on Hebrews. | ||
| 504 | _aIncludes bibliographical references (p. xxiv-xcviii) and indexes. | ||
| 630 | 0 | 0 |
_aBible. _pHebrews _xCommentaries. _98346 |
| 740 | 0 | _aCommentary on Hebrews. | |
| 830 | 0 |
_aNew international Greek Testament commentary (Grand Rapids, Mich.) _917385 |
|
| 906 |
_a7 _bcbc _corignew _d1 _eocip _f19 _gy-gencatlg |
||
| 942 |
_2ddc _cREF |
||